[Event "73rd Tata Steel GMA"]
[Site "Wijk aan Zee NED"]
[Date "2011.01.29"]
[Round "12"]
[White "Carlsen, Magnus"]
[Black "Wang, Hao"]
[Result "1-0"]
[WhiteTitle "GM"]
[BlackTitle "GM"]
[WhiteElo "2814"]
[BlackElo "2731"]
[WhiteFideId "1503014"]
[BlackFideId "8602883"]
[Annotator "Michiel Abeln"]
[EventDate "2011.01.14"]

1. e4 c6 2. d4 d5 3. e5 Bf5 4. Be3 e6 5. Nd2 Nd7 6. Ngf3 Bg6 (6... f6 7. Be2
Ne7 8. O-O Qc7 9. c4 fxe5 10. dxe5 Nxe5 11. Nxe5 Qxe5 12. Nf3 Qd6 13. Qb3 b6
14. Rac1 Bg4 15. cxd5 exd5 16. Rfe1 Bxf3 17. Bxf3 O-O-O 18. Bxb6 axb6 19. Qxb6
h6 20. Rxe7 Bxe7 21. Rxc6+ Kd7 22. Rxd6+ Bxd6 23. Bxd5 Rc8 24. g3 h5 25. Qb5+
Kd8 26. Bc6 {1-0 Carlsen,M (2801)-Bareev,E (2634)/Moscow 2009/EXT 2010}) 7. Be2
Ne7 8. Nh4 c5 9. c3 Nc6 10. Nxg6 hxg6 11. Nf3 Rc8 $146 ({
After the game Carlsen indicated that black has to play} 11... Qb6 {
forcing white to defend in a slightly ugly way:} 12. Qb1) (11... Be7 12. O-O
O-O 13. Bd3 Qb6 14. Qe2 Rfc8 15. h4 cxd4 16. cxd4 Nb4 17. Bb1 Qa6 18. Qd1 Qc6
19. Ne1 Bxh4 20. a3 Na6 21. g3 Be7 22. Nd3 Nf8 23. Qg4 Nb8 24. Kg2 Nbd7 25. Rh1
Nh7 26. Qh3 Ndf8 27. Nf4 Bg5 28. Nxg6 fxg6 29. Bxg5 Nxg5 30. Qh8+ Kf7 31. Rh4
Qc1 32. Bd3 Nfh7 33. Rxc1 Rxh8 34. Rc7+ Kg8 35. Rg4 Rf8 36. Bxg6 Nf7 37. Rxb7
Nhg5 38. Rxa7 Rh6 39. Bxf7+ Nxf7 40. Rf4 g5 41. Rf3 {
Svidler,P (2735)-Macieja,B (2613)/Germany 2004/ EXT 2005/1-0 (61)}) 12. O-O {
white is now ready to attack on the kingside, what is black going to do on the
queenside?} a6 13. g3 Be7 14. h4 b5 15. a4 {the idea of this move is that
after Qb6, white can always counter black's b5-b4 with Ra6} Qb6 16. axb5 axb5
17. Kg2 c4 {after this move it's basically gam over, black has no play left on
the queenside, while white has a lot of potential on the kingside} 18. Ng5 Qd8
19. Bg4 {maybe Wang Hao missed this idea for white when he played c4?} Bxg5 20.
Bxg5 Qc7 21. Rh1 Nb6 22. h5 gxh5 23. Bxh5 Na4 24. Bxf7+ {
A nice combination to finish the game} Kxf7 25. Qf3+ Kg8 26. Rxh8+ Kxh8 27.
Rh1+ Kg8 28. Qh5 Rf8 29. Bf6 1-0

[Event "73rd Tata Steel GMA"]
[Site "Wijk aan Zee NED"]
[Date "2011.01.29"]
[Round "12"]
[White "Anand, Viswanathan"]
[Black "Giri, Anish"]
[Result "1/2-1/2"]
[WhiteTitle "GM"]
[BlackTitle "GM"]
[WhiteElo "2810"]
[BlackElo "2686"]
[WhiteFideId "5000017"]
[BlackFideId "24116068"]
[Annotator "Michiel Abeln"]
[EventDate "2011.01.14"]

1. d4 d5 2. c4 c6 3. Nf3 Nf6 4. Nc3 e6 5. Bg5 h6 6. Bxf6 Qxf6 7. e3 g6 8. Bd3
Bg7 9. O-O O-O 10. Rc1 dxc4 11. Bxc4 Nd7 12. e4 c5 {a novelty prepared by Giri
and Chuchelov, according to Chuchelov 'tricky business which makes Anand at
least think'.} 13. d5 Nb6 14. b3 {
this is not the most critical line Giri had prepared} exd5 15. Nxd5 Qd8 16. h3
Nxc4 ({Giri remembered that he could also equalize after} 16... Be6 17. Nxb6
Qxb6 18. Bxe6 Qxe6 19. Rxc5 Qxe4 {but he also remembered that the game
continuation was also ok according to the computer and was a bigger fight}) 17.
bxc4 Re8 {fighting against the e5 push white would like to play} 18. Re1 Bd7
19. Qd2 Rc8 20. Qf4 {
Giri: 'this is quite a risky decision, play become sreally double-edged'} b5
21. e5 g5 22. Qg3 bxc4 23. Red1 Rc6 24. Ne3 (24. Nf6+ {
white should probably have gone for the safe option} Bxf6 25. exf6 Qc7 26. Rxc4
Qxg3 27. fxg3 {is drawish}) 24... Qc7 25. Nxc4 Be6 26. h4 {
this is a rather slow approach that increases black's chances} g4 27. Nfd2 Rd8
28. Re1 Rd4 29. Qe3 {
Anand: 'I was really not in a good form today and I started to drift.'} Qd8 30.
g3 Qd5 31. Na5 Rc8 32. Ndc4 Rb8 33. Qe2 Bf8 34. Ne3 Qe4 35. Nb3 Bxb3 36. axb3
Rxb3 37. Qa2 Qb7 38. Qc2 Rb2 39. Qf5 Qe4 (39... Qf3 40. Qxf3 gxf3 41. Ra1 Rb7)
40. Qxe4 Rxe4 41. Ra1 c4 42. Rxa7 Bc5 43. Ra8+ Kh7 44. Rf1 c3 (44... Bxe3 45.
fxe3 Rb7 46. Rf4 Rxe3 47. Kf2 Rd3 48. Rxg4) 45. Rc8 Bd4 46. Rc7 Rxe5 47. Rxf7+
Kg6 48. Rd7 Bxe3 49. fxe3 Rd2 ({Here Giri misses his chance to win the game} 
49... Rb6 50. Rd4 h5 51. e4 Rc5 52. Rdd1 c2 53. Rc1 {
Anand thought this was drawing, but he missed} Rf6 $1 {
and white cannot hold the fortress}) 50. Rc7 {and only now Giri found out that
white has the idea of playing Rc6+ Kh5 Rff6 with a mating threat, so he had to
settle for the draw} 1/2-1/2

[Event "73rd Tata Steel GMA"]
[Site "Wijk aan Zee NED"]
[Date "2011.01.29"]
[Round "12"]
[White "L'Ami, Erwin"]
[Black "Aronian, Levon"]
[Result "1/2-1/2"]
[WhiteTitle "GM"]
[BlackTitle "GM"]
[WhiteElo "2628"]
[BlackElo "2805"]
[WhiteFideId "1007998"]
[BlackFideId "13300474"]
[Annotator "Michiel Abeln"]
[EventDate "2011.01.14"]

1. d4 Nf6 2. c4 c5 3. d5 e5 {Aronian's game plan was to bring L'Ami in time
trouble in a complicated position, so he played all his moves really fast} 4.
Nc3 d6 5. e4 Nbd7 6. Bd3 Be7 7. Nge2 g6 8. h3 h5 9. Be3 h4 10. Qd2 a6 11. a4 b6
12. Kd1 {a strong move} ({if white goes} 12. O-O {then} Nh5) 12... Nh7 13. Kc2
Rb8 14. Rhf1 Bg5 {not a good move, basically losing time} (14... Rb7 {
would have been correct}) 15. Ng1 Rb7 16. Nf3 Be7 {
and black is forced back again} 17. g3 hxg3 18. fxg3 Ndf8 19. g4 {
not the best move} ({white had a chance to keep and edge if he would have gone
} 19. h4 {which looks anti-positional, but turns out to be strong} Nf6 20. Nh2
Ng4 (20... Nh5 21. Qg2) 21. Nxg4 Bxg4 22. Rf2 f6 23. Raf1 Qd7 24. Be2 {
followed by Qd1 and white is better}) (19. Rf2 Bxh3 {
doesn't give white sufficient compensation}) 19... g5 {
Aronian: 'I was enjoying my position so much, all this Petrosian stuff".} 20.
Ne2 Ng6 21. Ng3 Nf4 22. Nf5 Bxf5 ({Not working is} 22... Nf8 23. h4 Nxd3 24.
Qxd3 gxh4 25. Ng7+ Kd7 26. Nxe5+ dxe5 27. Rxf7) ({
A plan considered by Aronian during the game was} 22... Kd7 23. Bxf4 gxf4 24.
h4 Kc7 25. g5 Kb8 {but it's really too slow}) 23. exf5 b5 (23... O-O 24. h4 Re8
25. Bxf4 exf4 26. f6 {is better for white}) 24. axb5 axb5 25. cxb5 Nxd3 (25...
O-O 26. Bc4) (25... Nf6 26. Bc4 Ne4 27. Qe1) 26. Qxd3 c4 (26... O-O 27. Nd2 {
is what Aronian didn't like}) 27. Qe2 O-O ({A serious alternative was} 27...
Nf6 {but it seems that also here white will be on top} 28. Bxg5 Rxb5 (28...
Nxd5 {Aronian: 'Once I open the center, it looks so suspicious'.} 29. Bxe7 Rxe7
30. Rfd1 Nf4 31. Qe4 d5 32. f6 dxe4 33. Rxd8+ Kxd8 34. Ra8+ Kd7 35. Rxh8 exf3
36. fxe7 Kxe7 37. Ra8) 29. Bxf6 Bxf6 30. g5 Qb8 31. Kb1 Bd8 32. Nd4 Rxd5 33.
Nc6 Qc8 34. Nxd8 Kxd8 35. Ra3) 28. b6 Rxb6 ({Maybe black should have gone for} 
28... Nf6 29. Qxc4 Nd7 30. Qb5 (30. Qc6 Qb8 31. Ra7 Rc8 32. Rfa1 Nxb6) 30...
Nxb6 31. Kb1 Qb8 32. Ra6 Na8 33. Qe2 Nc7 {or as Aronian said: 'I have
bullshitted you so much, maybe I should have bullshitted you even more!'}) (
28... Qd7 29. h4 Qb5 30. hxg5 Rc8 31. Ra7 Qxd5 32. Kb1) 29. Bxb6 Qxb6 30. Qxc4
Rb8 31. Ra2 Nf6 32. Kb1 ({Here white misses his big chance} 32. Nxg5 Qe3 (32...
Nxd5 33. Qxd5 Bxg5 34. Kb1) 33. Nf3) 32... Qe3 33. Ka1 e4 34. Nd4 Qxh3 {
Aronian: 'I was already thinking about my brilliant game plan, but it is not
the case'.} 35. Qc1 $1 {a strong move found by L'Ami in time trouble} e3 {
not the best move in the position} ({black had a better fighting chance in} 
35... Bf8 36. Qxg5+ Bg7 37. Rd1 Qg2) 36. Ra3 ({
Again L'Ami fails to find the move that would have brought him a full point} 
36. Re1 $1 Nxd5 37. Nc6 Rc8 38. Qc4 ({the trick} 38. Rxe3 {fails to} Rxc6))
36... Bf8 {now black is ok} 37. Rxe3 Qxg4 38. Rd3 Bg7 39. Rg1 Qe4 40. Qe3 (40.
Qxg5 Ra8+ 41. Kb1 Qxd3+ 42. Nc2 Nh5) 40... Qxe3 41. Rxe3 Nxd5 42. Rxg5 Nxe3 (
42... f6 43. Rxg7+ Kxg7 44. Ne6+ Kf7 45. Rh3) 43. f6 Nd5 ({
also leading to a draw is} 43... Rb4 44. Nc6 (44. Rxg7+ Kf8 45. Nc6 Rf4 46. Rg3
Nc4 47. Ka2 Rxf6 48. b4 d5 49. b5) 44... Ra4+ 45. Kb1 Rg4 46. Rxg4 Nxg4 47.
fxg7 Kxg7 48. b4) 44. Rxg7+ Kf8 45. Rh7 Nxf6 46. Rh6 1/2-1/2

[Event "73rd Tata Steel GMA"]
[Site "Wijk aan Zee NED"]
[Date "2011.01.29"]
[Round "12"]
[White "Vachier-Lagrave, Maxime"]
[Black "Nepomniachtchi, Ian"]
[Result "1-0"]
[WhiteTitle "GM"]
[BlackTitle "GM"]
[WhiteElo "2715"]
[BlackElo "2733"]
[WhiteFideId "623539"]
[BlackFideId "4168119"]
[Annotator "Michiel Abeln"]
[EventDate "2011.01.14"]

1. d4 Nf6 2. c4 g6 3. Nc3 d5 4. Nf3 Bg7 5. e3 O-O 6. cxd5 Nxd5 7. Bc4 Nb6 8.
Bb3 c5 9. O-O cxd4 (9... Na6 10. Qe2 e6 11. Ne4 Bd7 12. Rd1 cxd4 13. exd4 Nd5
14. Ne5 Be8 15. Qf3 Nac7 16. Qh3 f6 17. Nd3 Bc6 18. Bd2 Kh8 19. Nec5 Re8 20.
Re1 Qd6 21. Ne4 Qf8 22. a4 Rad8 23. Rac1 Ne7 24. Bc3 Bd5 25. Bb4 Bxb3 26. Rxc7
Rxd4 27. Bc5 Rxe4 28. Rxe4 f5 29. Nf4 fxe4 30. Nxg6+ Nxg6 31. Bxf8 Rxf8 32.
Qxb3 Nf4 33. Rxg7 {
1-0 Tregubov,P (2625)-Neverov,V (2542)/Rijeka CRO 2010/The Week in Chess 801})
10. exd4 Nc6 11. d5 Na5 12. Re1 Bg4 13. h3 Bxf3 14. Qxf3 Re8 15. Be3 (15. Rd1
Nxb3 16. axb3 Nc8 17. h4 Nd6 18. h5 Qb6 19. h6 Bh8 20. Ne4 Nxe4 21. Qxe4 Qxb3
22. Bf4 Rad8 23. Bc7 Rd7 24. Be5 Qb6 25. Bxh8 Kxh8 26. Qe5+ f6 27. Qe6 Red8 28.
d6 Rxd6 29. Qf7 Rxd1+ 30. Rxd1 Rxd1+ 31. Kh2 Qc7+ 32. g3 Rh1+ 33. Kxh1 Qc1+ 34.
Kg2 Qxh6 35. Qe8+ Kg7 36. Qxe7+ Kg8 37. Qxb7 Qf8 38. Qxa7 Qb4 39. Qa3 Qb7+ 40.
Kg1 h5 41. b4 Kg7 42. Qa5 h4 43. gxh4 Qd7 44. b5 Qg4+ {
Mamedyarov,S (2752)-Kamsky,G (2726)/Baku 2008/CBM 124/1/2-1/2}) 15... Bxc3 16.
bxc3 {All prepared by the white player, but he had missed the following
secquence with Nd2} Nxb3 17. Bxb6 Nd2 18. Qd3 Qxb6 19. Qxd2 {this position is
probably about equal, but now Neponiachtchi continued to play fast, but
unfortunately also rather stange} Qc5 $146 (19... Qd6 20. Qd4 Rac8 21. a4 Rc5
22. c4) (19... Rac8 20. Rab1 Qc7 21. c4 Qxc4 22. Rxb7 Rc7 23. Rb4 Qc3 24. Qxc3
Rxc3 25. d6 e6 26. Rb7 Rd3 27. Rd7 Rb8 28. Rc1 Rb2 29. g4 Rdd2 30. Rxa7 Rxf2
31. d7 {
1/2-1/2 Aleksandrov,A (2624)-Melkumyan,H (2528)/Dubai 2009/CBM 130 Extra}) 20.
Re4 Rad8 21. c4 {
Vachier-Lagrave had no doubts about the pawn sacrifice that is now coming} f5
22. Re5 Qxc4 23. Rc1 Qa6 24. Rce1 {and the white player did not see what black
could do against the plan of h4-h5 and a strong attack} Qd6 25. h4 Rd7 {
black's moves do not make a very threatening impression} 26. h5 gxh5 27. Rxf5
e5 28. Qg5+ Rg7 29. Qxh5 Rge7 30. Qf3 Rg7 31. Rf6 Qd8 32. d6 e4 33. Qf5 Rd7 34.
Re3 Rxd6 35. Rg3+ Kh8 {and now} 36. Rg7 $1 1-0

[Event "73rd Tata Steel GMC"]
[Site "Wijk aan Zee NED"]
[Date "2011.01.29"]
[Round "12"]
[White "Ivanisevic, Ivan"]
[Black "De Jong, Jan-Willem"]
[Result "1-0"]
[WhiteTitle "GM"]
[BlackTitle "IM"]
[WhiteElo "2630"]
[BlackElo "2437"]
[WhiteFideId "912417"]
[BlackFideId "1008641"]
[EventDate "2011.01.14"]

1. d4 Nf6 2. c4 g6 3. Nc3 d5 4. Nf3 Bg7 5. Qb3 dxc4 6. Qxc4 O-O 7. e4 Nc6 8. Be2
Bg4 9. d5 Na5 10. Qb4 Bxf3 11. Bxf3 c6 12. O-O Qb6 13. Qa4 Nd7 14. Be3 Qxb2 15.
Rfc1 Bxc3 16. Rab1 Nb6 17. Bxb6 axb6 18. Rxb2 Bxb2 19. Rd1 cxd5 20. exd5 Bf6 21.
Qb4 Rfc8 22. d6 exd6 23. Bd5 Rc5 24. h4 h5 25. g4 hxg4 26. Qxg4 Kg7 27. Qd7 Rf8
28. h5 Nc4 29. f4 Ne3 30. h6+ Kh7 31. Qxd6 Rxd5 32. Rxd5 Rc8 33. Rd3 Rc1+ 34.
Kf2 Rc6 35. Qd7 Nf5 36. Qxf7+ Kxh6 37. Rh3+ Bh4+ 38. Ke2 Kh5 39. Qxb7 Kg4 40.
Rd3 Re6+ 41. Kd2 Kxf4 42. Qc7+ Kg5 43. Rd5 Kh6 44. Qh2 Kg7 45. Qc7+ Kh6 46. Qf7
Rc6 47. Kd3 Rf6 48. Qe8 Bf2 49. a4 Bh4 50. Qe5 Kg5 51. Kc4 Rc6+ 52. Kb5 Rf6 53.
Ka6 Rc6 54. Rb5 Bf2 55. Qe7+ Rf6 56. Qd8 Bc5 57. Rb2 Bd4 58. Rd2 Be5 59. Re2 b5+
60. Kb7 Nd6+ 61. Ka8 Nf7 62. Qd2+ Bf4 63. Qd5+ Rf5 64. Qe6 Kh6 65. axb5 Nd6 66.
Qg8 Bg3 67. Re6 1-0

[Event "73rd Tata Steel GMC"]
[Site "Wijk aan Zee NED"]
[Date "2011.01.29"]
[Round "12"]
[White "Nyzhnyk, Illya"]
[Black "Van Kampen, Robin"]
[Result "1-0"]
[WhiteTitle "IM"]
[BlackTitle "IM"]
[WhiteElo "2530"]
[BlackElo "2443"]
[WhiteFideId "14118084"]
[BlackFideId "1020854"]
[EventDate "2011.01.14"]

1. d4 d5 2. c4 c6 3. Nf3 Nf6 4. Nc3 e6 5. g3 dxc4 6. Bg2 b5 7. Ne5 a6 8. a4 Bb7
9. O-O Nd5 10. e4 Nxc3 11. bxc3 Nd7 12. Bf4 Be7 13. Qg4 g6 14. axb5 axb5 15.
Rxa8 Bxa8 16. Bh6 Bb7 17. Ra1 Nxe5 18. dxe5 Bf8 19. Bxf8 Kxf8 20. Qf4 Kg7 21.
Ra7 Qd1+ 22. Bf1 Rb8 23. Qf6+ Kg8 24. Qe7 b4 25. Qxb4 c5 26. Qb6 Qd7 27. Qxc5
Qc6 28. Qxc6 Bxc6 29. f3 Rb3 30. Rc7 Bb5 31. Rb7 Kf8 32. Kf2 Ke8 33. Ke2 Ba4 34.
Rxb3 cxb3 35. Kd2 b2 36. Bd3 Bb3 37. Bb1 Kd7 38. c4 Bxc4 39. Kc3 Be2 40. f4 Kc6
41. Kxb2 Kc5 42. Kc3 Bb5 43. h4 Ba6 44. Bc2 Bb5 45. Bd1 Ba6 46. h5 Bb5 47. h6
Ba6 48. Ba4 Bb5 49. Bxb5 Kxb5 50. Kd4 Kb4 51. Kd3 Kb3 52. Ke3 Kc4 53. Kf3 Kd3
54. Kg4 Kxe4 55. Kg5 Kf3 56. Kf6 Kxg3 57. Kg7 Kxf4 58. Kxh7 1-0

[Event "73rd Tata Steel GMC"]
[Site "Wijk aan Zee NED"]
[Date "2011.01.29"]
[Round "12"]
[White "Siebrecht, Sebastian"]
[Black "Bluvshtein, Mark"]
[Result "0-1"]
[WhiteTitle "GM"]
[BlackTitle "GM"]
[WhiteElo "2439"]
[BlackElo "2590"]
[WhiteFideId "4609352"]
[BlackFideId "2603608"]
[EventDate "2011.01.14"]

1. d4 Nf6 2. c4 e6 3. Nf3 c5 4. d5 exd5 5. cxd5 d6 6. Nc3 g6 7. Qa4+ Nbd7 8. e4
Bg7 9. Bd3 O-O 10. O-O a6 11. Qc2 Nh5 12. a4 Ne5 13. Be2 f5 14. exf5 Bxf5 15.
Qd1 Nxf3+ 16. Bxf3 Nf6 17. Bf4 Qd7 18. a5 Rae8 19. Na4 Be4 20. Nb6 Qd8 21. Bg5
Bxf3 22. Qxf3 h6 23. Bxf6 Qxf6 24. Qg3 Re7 25. Rad1 Kh7 26. Nc4 Re4 27. Nxd6 Rf4
28. Nxb7 Qe7 29. b4 Rxb4 30. Nxc5 Qxc5 31. d6 Rd4 32. d7 Rd8 33. Rde1 R8xd7 34.
Re6 Qf5 0-1

[Event "73rd Tata Steel GMC"]
[Site "Wijk aan Zee NED"]
[Date "2011.01.29"]
[Round "12"]
[White "Lahno, Kateryna"]
[Black "Kazhgaleyev, Murtas"]
[Result "1/2-1/2"]
[WhiteTitle "GM"]
[BlackTitle "GM"]
[WhiteElo "2518"]
[BlackElo "2637"]
[WhiteFideId "14109336"]
[BlackFideId "13700316"]
[EventDate "2011.01.14"]

1. d4 Nf6 2. c4 g6 3. Nc3 Bg7 4. e4 d6 5. Nf3 O-O 6. Be2 e5 7. O-O Nc6 8. d5 Ne7
9. b4 Nh5 10. Re1 f5 11. Ng5 Nf6 12. Bf3 c6 13. b5 cxd5 14. cxd5 h6 15. Ne6 Bxe6
16. dxe6 fxe4 17. Nxe4 Nxe4 18. Bxe4 d5 19. Ba3 dxe4 20. Qxd8 Rfxd8 21. Bxe7 Re8
22. Bc5 Rxe6 23. Rxe4 a6 24. bxa6 Rexa6 25. a3 Bf8 26. Bxf8 Kxf8 27. Rxe5 Rxa3
28. Rxa3 Rxa3 29. h4 Rb3 30. h5 g5 31. Re6 Kg7 32. Re7+ Kg8 33. Re6 Kg7 34. Re7+
Kg8 35. Re6 1/2-1/2

[Event "73rd Tata Steel GMC"]
[Site "Wijk aan Zee NED"]
[Date "2011.01.29"]
[Round "12"]
[White "Swiercz, Dariusz"]
[Black "Vocaturo, Daniele"]
[Result "1-0"]
[WhiteTitle "GM"]
[BlackTitle "GM"]
[WhiteElo "2540"]
[BlackElo "2570"]
[WhiteFideId "1126881"]
[BlackFideId "813192"]
[EventDate "2011.01.14"]

1. e4 e5 2. Nf3 Nc6 3. Bb5 a6 4. Ba4 Nf6 5. O-O Nxe4 6. d4 b5 7. Bb3 d5 8. dxe5
Be6 9. Nbd2 Be7 10. c3 O-O 11. Bc2 f5 12. Nb3 Qd7 13. Nbd4 Nxd4 14. Nxd4 c5 15.
Nxe6 Qxe6 16. f3 Ng5 17. a4 Rad8 18. axb5 axb5 19. Qe2 c4 20. Be3 f4 21. Bf2 Qc6
22. Rfd1 Ne6 23. b4 g6 24. Ra7 Rfe8 25. h4 Ra8 26. Rxa8 Rxa8 27. Bb1 Kf7 28. h5
Rg8 29. Qd2 Rd8 30. Kf1 Bg5 31. Ke2 Qc7 32. Bd4 Re8 33. hxg6+ hxg6 34. Rh1 Kg7
35. Bxg6 Nxd4+ 36. cxd4 Rxe5+ 37. dxe5 Qxe5+ 38. Kf2 Kxg6 39. Rd1 Be7 40. Qxd5
Qe3+ 41. Kf1 c3 42. Re1 Qa7 43. Qg8+ 1-0